| 000 | 00743cab a22002055a 4500 | ||
|---|---|---|---|
| 001 | L140630 | ||
| 008 | 071002e20070929xxka f s 000 0 eng d | ||
| 035 | _a(Sirsi) u140630 | ||
| 041 | 0 | _aeng | |
| 100 | 1 | _aCavanagh, Elaine | |
| 245 | 0 | 0 | _aM25 South East |
| 260 | _c2007 | ||
| 490 |
_aEstates Gazette _v739(29) 29 September 2007, 131-142(7) |
||
| 520 | _aReports on investment in retail development in Croydon;new office stock in the South East quadrant of the M25;how the Thames Gateway regereration has stimulated big shed schemes (but not smaller schemes). | ||
| 651 | 4 | _aSouth East (England) | |
| 690 | _aPROPERTY-COMMERCIAL PROPERTY-COMMERCIAL PROPERTY MARKET | ||
| 700 | 1 | _aTaylor, Andrew | |
| 700 | 1 | _aJack, Simon | |
| 942 | _n0 | ||
| 999 |
_c79309 _d79309 |
||